| 000 | 01170nam a2200325 a 4500 | ||
|---|---|---|---|
| 001 | 000027175 | ||
| 003 | DO-SdBNP | ||
| 005 | 20240327134508.0 | ||
| 006 | a||||gr|||| 00| 0 | ||
| 007 | ta | ||
| 008 | 091118e19691984dr 000 e spa d | ||
| 040 |
_aDO-SdBNP _bspa _cBNPHU _erda |
||
| 082 | 4 |
_aBNPHU PD 305.80097293 _bF825n,1984 _222 |
|
| 100 | 1 |
_aFranco, Franklin J. _919014 _eautor |
|
| 245 | 1 | 4 |
_aLos negros, los mulatos y la nación dominicana / _cFranklin J. Franco ; prólogo, Juan I. Jimenes Grullón. |
| 250 | _a7a. edición | ||
| 264 |
_aSanto Domingo : _bAlfa y Omega, _c1984. |
||
| 300 |
_avii, 194 páginas completadas ; _c18 cm. |
||
| 336 |
_2rdacontent _atexto _btxt |
||
| 337 |
_2rdamedia _asin mediación _bn |
||
| 338 |
_2rdacarrier _avolumen _bnc |
||
| 500 | _aIncluye notas, páginas 164 - 175. | ||
| 504 | _aBibliografia : páginas 175-185 | ||
| 590 | _aInventariado, 2024 / MF | ||
| 650 | 4 |
_aEsclavitud _zRepública Dominicana _xHistoria _934179 |
|
| 650 | 4 |
_aNegros _zRepública Dominicana _xHistoria _917935 |
|
| 700 | 1 | 2 |
_aJimenes Grullón, Juan I., _d1903- _eprólogo _929789 |
| 910 | _aValidado. Control de calidad. MFF | ||
| 942 |
_2ddc _cLBS1 |
||
| 999 |
_c26667 _d26667 |
||